| 000 | 00377cam a2200145ua 4500 | ||
|---|---|---|---|
| 041 |
_aeng _h |
||
| 082 |
_a658.477 _bGUP/DI |
||
| 100 | _aGupta, Harsh K . | ||
| 245 | 0 | 0 |
_aDisaster management / _cHarsh K Gupta. _hTextual Documents |
| 260 |
_aHyderabad : _bUniversities press India Pvt Ltd , _c2004. |
||
| 300 | _a161 ; . | ||
| 504 | _a | ||
| 942 | _cBK | ||
| 999 |
_c13366 _d13366 |
||